Marvel Heroes by Face #2 - Statistics

General Stats
  • This quiz has been taken 42 times
  • The average score is 17 of 20
Answer Stats
Picture Answer % Correct
Spider-Man
100%
Captain America
97%
Deadpool
97%
She-Hulk
97%
Thor
97%
Beast
95%
Thing
95%
Cyclops
92%
Star-lord
92%
War Machine
92%
Falcon
90%
Quicksilver
90%
Mr. Fantastic
87%
Human Torch
85%
Invisible Woman
85%
Nightcrawler
85%
Winter Soldier
85%
Elektra
82%
Rogue
79%
Aurora
23%
No matching quizzes found
Score Distribution
Percent of People with Each Score
Percentile by Number Answered
Your Score History
You have not taken this quiz